000 00312nam a2200121Ia 4500
008 190216s9999||||xx |||||||||||||| ||und||
100 _aDon Bellante & Mark Jackson
245 0 _aLabour Economics Choice In Labour Market
260 _bMcgraw -hill
_c1985
300 _a351p
650 _aEconomics
942 _cBK
999 _c9714
_d9714